• 首页
  • 本馆介绍
  • 公告通知
  • 最新文献
  • 馆藏检索
  • 电子资源
  • 读者导购
  • 参考咨询
  • 我的图书馆
  • 登录
  • 详细信息显示
  • 放入我的书架
  • 预约/预借图书
  • 作者相关作品
  • 分类相关作品
  • 丛书相关作品
  • 出版社相关作品

书目信息

  • 表格格式
  • 工作单格式
  • 卡片格式
题名:
行政处罚与行政复议
    
 
作者: 苏东 主编
分册:  
出版信息: 北京   中国民主法制出版社  2014.10
页数: 305页
开本: 24cm
丛书名:
单 册:
中图分类: D922.112.4
科图分类:
主题词: 行政处罚法--Hang Zheng Chu Fa Fa--基本知识--中国 , 基本知识--Ji Ben Zhi Shi , 中国--Zhong Guo
电子资源:
ISBN: 978-7-5162-0657-7
000 00969nam0 22002771 450
001 349998
005 20161008165341.20
010    @a978-7-5162-0657-7@dCNY40.00
100    @a20150129d2014 em y0chiy50 ea
101 0  @achi
102    @aCN@b110000
105    @ay zn 000yy
106    @ar
200 1  @a行政处罚与行政复议@AHang Zheng Chu Fa Yu Hang Zheng Fu Yi@f苏东主编
210    @a北京@c中国民主法制出版社@d2014.10
215    @a305页@d24cm
300    @a中华人民共和国重要法律知识宣讲/沈德咏总主编
300    @a国家出版基金项目
330    @a本书是主要宣讲行政处罚法、行政复议法及相关的司法解释。本书解答的每个问题由四部分组成:“宣讲要点”、“典型案例”、“专家评析”、“法条指引”。
606 0  @a行政处罚法@AHang Zheng Chu Fa Fa@x基本知识@y中国
606 0  @a基本知识@AJi Ben Zhi Shi
606 0  @a中国@AZhong Guo
690    @aD922.112.4@v5
701  0 @a苏东@ASu Dong@4主编
801  0 @aCN@bTANGWEI@20160802
905    @b0887815-9@dD922.112.4@e1291@f5
    
    行政处罚与行政复议/苏东主编.-北京:中国民主法制出版社,2014.10
    305页;24cm
    中华人民共和国重要法律知识宣讲/沈德咏总主编.-国家出版基金项目
    
    ISBN 978-7-5162-0657-7:CNY40.00
    本书是主要宣讲行政处罚法、行政复议法及相关的司法解释。本书解答的每个问题由四部分组成:“宣讲要点”、“典型案例”、“专家评析”、“法条指引”。
●
相关链接 在E读中查询图书 在五车中查询图书 在当当中查询图书 在豆瓣中查询图书


正题名:行政处罚与行政复议     索取号:D922.112.4/1291         预约/预借

序号 登录号 条形码 馆藏地/架位号 状态 备注
1 0887815   208878151   第一样本阅览室/ [索取号:D922.112.4/1291] 在馆    
2 0887816   208878160   第一借阅区/ [索取号:D922.112.4/1291] 在馆    
3 0887817   208878179   第一借阅区/ [索取号:D922.112.4/1291] 在馆    
4 0887818   208878188   密集书库-史法系/ [索取号:D922.112.4/1291] 在馆    
5 0887819   208878197   第一借阅区/ [索取号:D922.112.4/1291] 在馆    
唐山师范学院图书馆 欢迎您!
大连网信软件有限公司© 版权所有